[Event "DEM U18 2014"]
[Site "Magdeburg GER"]
[Date "2014.06.09"]
[Round "3"]
[White "Tennert, Simon"]
[Black "Meyers, Mark"]
[Result "1-0"]
[Termination "normal"]
[Board "10"]
[WhiteElo "2190"]
[BlackElo "1987"]
[PlyCount "83"]
[WhiteFideId "1270445"]
[BlackFideId "12927716"]
[EventCountry "GER"]
[EventRounds "9"]
[EventType "swiss"]
[EventDate "2014.06.07"]

1. e4 c5 2. Nf3 e6 3. d4 cxd4 4. Nxd4 a6 5. Bd3 Nf6 6. O-O Qc7 7. Qe2 Bd6 8. h3
Nc6 9. Nb3 O-O 10. a4 b6 11. Na3 Ne5 12. f4 Nxd3 13. cxd3 Bxa3 14. Rxa3 a5 15.
Be3 Ba6 16. Bd4 Rfc8 17. Qe3 Qc2 18. Na1 Qc6 19. Bxb6 Nxe4 20. dxe4 Bxf1 21.
Kxf1 Rab8 22. Bd4 Rb4 23. Rc3 Qa6+ 24. Kg1 Rxa4 25. Nb3 Rxc3 26. Bxc3 Qa8 27.
Nd2 d5 28. exd5 Qxd5 29. Qg3 Qc5+ 30. Kh2 Qf8 31. b3 Ra2 32. Ne4 h6 33. Nf6+
Kh8 34. Nh5 f6 35. Qg6 e5 36. fxe5 f5 37. e6 Qd6+ 38. Qg3 Qxg3+ 39. Kxg3 Kg8
40. Nxg7 Re2 41. Kf4 Kf8 42. Bf6 1-0

[Event "DEM U18 2014"]
[Site "Magdeburg GER"]
[Date "2014.06.09"]
[Round "3"]
[White "Xu, Xianliang"]
[Black "Weber, Daniel"]
[Result "1/2-1/2"]
[Termination "normal"]
[Board "11"]
[WhiteElo "2097"]
[BlackElo "2007"]
[PlyCount "62"]
[WhiteFideId "4603230"]
[BlackFideId "24615498"]
[EventCountry "GER"]
[EventRounds "9"]
[EventType "swiss"]
[EventDate "2014.06.07"]

1. c4 e6 2. Nf3 d5 3. b3 c5 4. Bb2 Nc6 5. cxd5 exd5 6. d4 Nf6 7. e3 Bg4 8. dxc5
Bxc5 9. Be2 O-O 10. O-O Ne4 11. Nc3 Nxc3 12. Bxc3 Qd6 13. Qd3 Bh5 14. Rfd1 Rad8
15. Bb2 Kh8 16. Rac1 f6 17. Qb5 Bb6 18. a3 Ne5 19. Bxe5 fxe5 20. e4 Bxf3 21.
Bxf3 Qg6 22. Qe2 d4 23. Rd3 Rc8 24. Rcd1 Qg5 25. a4 Ba5 26. Bg4 Rc6 27. Rg3 Rc1
28. Be6 Qh6 29. Bc4 Bd8 30. Rh3 Qg5 31. Rg3 Qh6 1/2-1/2

[Event "DEM U18 2014"]
[Site "Magdeburg GER"]
[Date "2014.06.09"]
[Round "3"]
[White "Kramer, Julian"]
[Black "Brinkmann, Fabian"]
[Result "1-0"]
[Termination "normal"]
[Board "12"]
[WhiteElo "2129"]
[BlackElo "1821"]
[PlyCount "67"]
[WhiteFideId "12921742"]
[BlackFideId "24661414"]
[EventCountry "GER"]
[EventRounds "9"]
[EventType "swiss"]
[EventDate "2014.06.07"]

1. e4 c6 2. d4 d5 3. Nc3 dxe4 4. Nxe4 Bf5 5. Ng3 Bg6 6. Nh3 e6 7. Nf4 Bd6 8.
Be3 Qc7 9. Qd2 Nf6 10. O-O-O Nd5 11. Nxg6 hxg6 12. Kb1 Nxe3 13. Qxe3 Bxg3 14.
fxg3 Nd7 15. Qf3 Nf6 16. Bd3 O-O-O 17. c3 c5 18. dxc5 Qxc5 19. h4 g5 20. b4 Qd5
21. Qe3 Kb8 22. Bc2 Qc6 23. hxg5 Rxh1 24. Rxh1 Nd5 25. Qe5+ Qc7 26. Qxc7+ Kxc7
27. Rh7 Ne3 28. Kb2 Nd1+ 29. Kc1 Nxc3 30. Rxg7 Ne2+ 31. Kb2 Nxg3 32. g6 Nh5 33.
Rxf7+ Kd6 34. g4 1-0

[Event "DEM U18 2014"]
[Site "Magdeburg GER"]
[Date "2014.06.09"]
[Round "3"]
[White "Pixa, Richard"]
[Black "Zimmermann, Christian"]
[Result "0-1"]
[Termination "normal"]
[Board "13"]
[WhiteElo "1957"]
[BlackElo "2068"]
[PlyCount "72"]
[WhiteFideId "4626095"]
[BlackFideId "24692069"]
[EventCountry "GER"]
[EventRounds "9"]
[EventType "swiss"]
[EventDate "2014.06.07"]

1. d4 Nf6 2. c4 g6 3. Nc3 d5 4. cxd5 Nxd5 5. Bd2 Bg7 6. e4 Nxc3 7. Bxc3 O-O 8.
f4 c5 9. d5 e6 10. Bc4 exd5 11. Bxd5 Qh4+ 12. g3 Qe7 13. Nf3 Nd7 14. Bxg7 Kxg7
15. O-O Nf6 16. Re1 Rd8 17. Qc2 Nxd5 18. exd5 Qd6 19. Qc3+ f6 20. Ng5 Bf5 21.
Ne6+ Bxe6 22. Rxe6 Qf8 23. Rae1 Re8 24. d6 Rxe6 25. Rxe6 Re8 26. Rxe8 Qxe8 27.
Qxc5 Qe1+ 28. Kg2 Qe2+ 29. Kh3 Qf1+ 30. Kh4 Qe2 31. h3 Qd1 32. Qb5 a6 33. Qd7+
Kh6 34. Qg4 Qxd6 35. Qe2 f5 36. g4 Qxf4 0-1

[Event "DEM U18 2014"]
[Site "Magdeburg GER"]
[Date "2014.06.09"]
[Round "3"]
[White "Schreiber, Kevin"]
[Black "Humburg, Philipp"]
[Result "1/2-1/2"]
[Termination "normal"]
[Board "14"]
[WhiteElo "1958"]
[BlackElo "2102"]
[PlyCount "182"]
[WhiteFideId "24655830"]
[BlackFideId "24656151"]
[EventCountry "GER"]
[EventRounds "9"]
[EventType "swiss"]
[EventDate "2014.06.07"]

1. d4 Nf6 2. Nf3 g6 3. g3 Bg7 4. Bg2 O-O 5. O-O d6 6. c4 Nc6 7. Nc3 a6 8. e4
Bg4 9. h3 Bxf3 10. Bxf3 Nd7 11. Be3 e5 12. dxe5 dxe5 13. Bg2 Nd4 14. f4 Nb6 15.
b3 Qd6 16. Rc1 Rad8 17. Nd5 Nxd5 18. cxd5 c5 19. dxc6 exf4 20. gxf4 Nxc6 21.
Qxd6 Rxd6 22. e5 Rd3 23. Kf2 Rc8 24. Ke2 Rdd8 25. Bb6 Re8 26. Rfd1 g5 27. Bxc6
bxc6 28. fxg5 Rxe5+ 29. Kf3 Rxg5 30. Rd6 Rg6 31. Rcd1 Be5 32. Rd8+ Rxd8 33.
Rxd8+ Kg7 34. Ke4 Re6 35. Kf5 Bc3 36. Bd4+ Bxd4 37. Rxd4 Rh6 38. h4 Rh5+ 39.
Kg4 Rc5 40. Rd6 h5+ 41. Kf4 f6 42. Rd7+ Kg6 43. Rc7 Rc2 44. Rc8 Rf2+ 45. Kg3
Rc2 46. Kf4 a5 47. Rg8+ Kf7 48. Rh8 Rc5 49. Rc8 Ke7 50. Rc7+ Ke6 51. Rc8 Kf7
52. Rc7+ Kg6 53. Rc8 Rc2 54. Rg8+ Kf7 55. Rh8 Rf2+ 56. Ke4 Rxa2 57. Rxh5 a4 58.
bxa4 Rxa4+ 59. Ke3 Ra3+ 60. Kd4 Ke6 61. Rh8 Kf5 62. h5 Rh3 63. h6 Kg6 64. Rg8+
Kh7 65. Rc8 Rh4+ 66. Ke3 Kxh6 67. Rxc6 Kg5 68. Kf3 Rh3+ 69. Kf2 Ra3 70. Rc4 f5
71. Rb4 Rh3 72. Kg2 Rh8 73. Kg3 Rc8 74. Ra4 Rc3+ 75. Kf2 f4 76. Ra8 Rc2+ 77.
Kf3 Rc3+ 78. Kf2 Rc5 79. Rg8+ Kf5 80. Rf8+ Ke5 81. Re8+ Kf5 82. Rf8+ Ke4 83.
Re8+ Re5 84. Rxe5+ Kxe5 85. Kf3 Kf5 86. Kf2 Ke4 87. Ke2 f3+ 88. Kf2 Kf4 89. Kf1
Kg3 90. Kg1 f2+ 91. Kf1 Kf3 1/2-1/2

[Event "DEM U18 2014"]
[Site "Magdeburg GER"]
[Date "2014.06.09"]
[Round "3"]
[White "Urban, Lars"]
[Black "Adiyaman, Rene"]
[Result "1/2-1/2"]
[Termination "normal"]
[Board "15"]
[WhiteElo "2119"]
[BlackElo "1837"]
[PlyCount "68"]
[WhiteFideId "4644034"]
[BlackFideId "12910414"]
[EventCountry "GER"]
[EventRounds "9"]
[EventType "swiss"]
[EventDate "2014.06.07"]

1. d4 d5 2. c4 c6 3. cxd5 cxd5 4. Nc3 Nf6 5. Bf4 Qb6 6. Qc2 Nc6 7. O-O-O Bd7 8.
e3 Nb4 9. Qb1 Rc8 10. a3 Nc6 11. Bb5 Ne4 12. Bg3 Nxc3 13. bxc3 Qa5 14. Qb3 a6
15. Bxc6 Bxc6 16. Ne2 e6 17. Kd2 Bb5 18. Ra1 Be7 19. Rhc1 Rc4 20. e4 O-O 21.
exd5 exd5 22. a4 Rxa4 23. Rxa4 Qxa4 24. Qxd5 Bc6 25. Qf5 Re8 26. Nf4 Ba3 27.
Re1 Rxe1 28. Kxe1 Qb3 29. Ne2 Qe6 30. Qxe6 fxe6 31. Nf4 Kf7 32. f3 Bd6 33. Nd3
Bxg3+ 34. hxg3 b6 1/2-1/2

[Event "DEM U18 2014"]
[Site "Magdeburg GER"]
[Date "2014.06.10"]
[Round "4"]
[White "Ott, Florian"]
[Black "Lampert, Jonas"]
[Result "1/2-1/2"]
[Termination "normal"]
[Board "1"]
[WhiteElo "2133"]
[BlackElo "2397"]
[WhiteClock "00:24:09"]
[BlackClock "00:08:39"]
[PlyCount "75"]
[WhiteFideId "12900281"]
[BlackFideId "1303759"]
[EventCountry "GER"]
[EventRounds "9"]
[EventType "swiss"]
[EventDate "2014.06.07"]

1. d4 Nf6 2. c4 e6 3. Nc3 Bb4 4. e3 O-O 5. Nge2 d5 6. a3 Be7 7. cxd5 exd5 8.
Nf4 c6 9. Bd3 Re8 10. O-O Nbd7 11. Bc2 Nf8 12. f3 Ng6 13. e4 dxe4 14. fxe4 c5
15. e5 cxd4 16. exf6 dxc3 17. fxe7 Qb6+ 18. Kh1 cxb2 19. Bxb2 Qxb2 20. Nxg6
hxg6 21. Ba4 b5 22. Rb1 Qxa3 23. Bxb5 Qxe7 24. Bxe8 Qxe8 25. Qd6 Be6 26. Rb7
Rd8 27. Qe7 Qxe7 28. Rxe7 Ra8 29. Rb1 a5 30. Reb7 a4 31. Rb8+ Rxb8 32. Rxb8+
Kh7 33. Ra8 Bb3 34. Ra5 f6 35. h4 f5 36. g3 Bc2 37. Kg2 Kh6 38. Ra7 1/2-1/2

[Event "DEM U18 2014"]
[Site "Magdeburg GER"]
[Date "2014.06.10"]
[Round "4"]
[White "Carow, Johannes"]
[Black "Müller, Nick"]
[Result "1/2-1/2"]
[Termination "normal"]
[Board "2"]
[WhiteTitle "FM"]
[WhiteElo "2393"]
[BlackElo "2120"]
[WhiteClock "00:13:51"]
[BlackClock "00:25:44"]
[PlyCount "45"]
[WhiteFideId "24692050"]
[BlackFideId "24692093"]
[EventCountry "GER"]
[EventRounds "9"]
[EventType "swiss"]
[EventDate "2014.06.07"]

1. d4 f5 2. g3 Nf6 3. Bg2 d6 4. Nf3 g6 5. O-O Bg7 6. c4 O-O 7. Nc3 c6 8. b3 Qa5
9. Rb1 e5 10. b4 Qc7 11. dxe5 dxe5 12. Qb3 h6 13. b5 Re8 14. Rd1 Qf7 15. Ba3
Nbd7 16. bxc6 bxc6 17. Qa4 e4 18. Nd4 Ne5 19. Nxc6 Qxc4 20. Ne7+ Kh7 21. Qa5
Qa6 22. Qc5 Ned7 23. Qd6 1/2-1/2

[Event "DEM U18 2014"]
[Site "Magdeburg GER"]
[Date "2014.06.10"]
[Round "4"]
[White "Grötzbach, Julian"]
[Black "Noe, Christopher"]
[Result "1-0"]
[Termination "normal"]
[Board "3"]
[BlackTitle "FM"]
[WhiteElo "2197"]
[BlackElo "2328"]
[WhiteClock "00:19:14"]
[BlackClock "00:26:33"]
[PlyCount "93"]
[WhiteFideId "24600938"]
[BlackFideId "24692018"]
[EventCountry "GER"]
[EventRounds "9"]
[EventType "swiss"]
[EventDate "2014.06.07"]

1. e4 c5 2. Nf3 e6 3. d4 cxd4 4. Nxd4 a6 5. Nc3 Qc7 6. Bd3 b5 7. O-O d6 8. Qe2
Nf6 9. f4 Nbd7 10. Kh1 Bb7 11. a3 Be7 12. Bd2 O-O 13. Rf3 Nc5 14. Rh3 g6 15.
Re1 e5 16. Nf3 Rfe8 17. Ng5 d5 18. exd5 exf4 19. Qf3 Bd6 20. Rf1 Nxd3 21. cxd3
Kg7 22. Rh4 Nh5 23. g4 Nf6 24. Nh3 Nxd5 25. Nxd5 Qc6 26. Bc3+ f6 27. Rxh7+ Kxh7
28. Nxf6+ Kg7 29. Nxe8+ Kf8 30. Nxd6 Qxf3+ 31. Rxf3 Bxf3+ 32. Kg1 Ke7 33. Ne4
Bxg4 34. Nxf4 Bf5 35. Kf2 Kd7 36. Ke3 Kc6 37. Ne2 Bh3 38. Nf4 Bf5 39. Ne2 Bh3
40. Nd4+ Kd5 41. Nf6+ Kd6 42. Bb4+ Ke5 43. Ne4 Rc8 44. Be1 Bg2 45. Bg3+ Kd5 46.
Nf6+ Kc5 47. Nd7+ 1-0

[Event "DEM U18 2014"]
[Site "Magdeburg GER"]
[Date "2014.06.10"]
[Round "4"]
[White "Möhn, Hans"]
[Black "Kvetny, Mark"]
[Result "1/2-1/2"]
[Termination "normal"]
[Board "5"]
[WhiteElo "2222"]
[BlackElo "2279"]
[WhiteClock "00:20:24"]
[BlackClock "00:01:44"]
[PlyCount "81"]
[WhiteFideId "24647837"]
[BlackFideId "24603929"]
[EventCountry "GER"]
[EventRounds "9"]
[EventType "swiss"]
[EventDate "2014.06.07"]

1. d4 Nf6 2. c4 e6 3. Nf3 d5 4. g3 dxc4 5. Bg2 Bb4+ 6. Bd2 c5 7. O-O Nc6 8.
dxc5 Bxd2 9. Nbxd2 Qd5 10. Rc1 Qxc5 11. Nxc4 O-O 12. Qd6 Qxd6 13. Nxd6 Rd8 14.
Rfd1 Nd5 15. Nc4 Bd7 16. Nfe5 Nxe5 17. Nxe5 Bb5 18. Bxd5 exd5 19. Rc2 Rac8 20.
Rxd5 a6 21. Rxd8+ Rxd8 22. Nd3 f6 23. Rc3 Rd7 24. Kf1 Kf7 25. Ke1 g5 26. Kd2
Kg6 27. Rc5 h5 28. b3 Rd6 29. Rc7 b6 30. Re7 Kf5 31. f3 g4 32. Re4 a5 33. h4
gxh3 34. Rh4 Kg5 35. Rxh3 Bxd3 36. exd3 Rd4 37. Kc3 Rd5 38. Kd2 Rf5 39. Ke3
Re5+ 40. Kd2 Rf5 41. Ke3 1/2-1/2

[Event "DEM U18 2014"]
[Site "Magdeburg GER"]
[Date "2014.06.10"]
[Round "4"]
[White "Powierski, Emil"]
[Black "Galkin, Wladislaw"]
[Result "1-0"]
[Termination "normal"]
[Board "6"]
[WhiteElo "2286"]
[BlackElo "2109"]
[WhiteClock "00:22:06"]
[BlackClock "00:00:41"]
[PlyCount "81"]
[WhiteFideId "4656199"]
[BlackFideId "4603192"]
[EventCountry "GER"]
[EventRounds "9"]
[EventType "swiss"]
[EventDate "2014.06.07"]

1. e4 e5 2. Nf3 Nc6 3. Bb5 a6 4. Ba4 Nf6 5. O-O b5 6. Bb3 Be7 7. d3 d6 8. a3
O-O 9. Nc3 Na5 10. Ba2 c5 11. Nd5 Nxd5 12. Bxd5 Bb7 13. b4 Bxd5 14. exd5 Nb7
15. c3 f5 16. Bd2 Bf6 17. Ra2 Qd7 18. Qb3 e4 19. dxe4 fxe4 20. Ng5 Bxg5 21.
Bxg5 c4 22. Qd1 Nd8 23. Qd4 Nf7 24. Bf4 Qf5 25. Bg3 Qf6 26. Qxf6 gxf6 27. a4 a5
28. axb5 axb4 29. Rxa8 Rxa8 30. cxb4 Ra4 31. f3 exf3 32. Rb1 c3 33. Be1 Ra2 34.
b6 Rxg2+ 35. Kf1 c2 36. Rc1 Nd8 37. Bf2 Kf8 38. Rxc2 Rg7 39. Rc8 Ke8 40. Bd4 f2
41. Rxd8+ 1-0

[Event "DEM U18 2014"]
[Site "Magdeburg GER"]
[Date "2014.06.10"]
[Round "4"]
[White "Stahnecker, Ludwig"]
[Black "Tennert, Simon"]
[Result "1-0"]
[Termination "normal"]
[Board "7"]
[WhiteElo "2126"]
[BlackElo "2190"]
[WhiteClock "00:06:11"]
[BlackClock "00:01:02"]
[PlyCount "75"]
[WhiteFideId "24692026"]
[BlackFideId "1270445"]
[EventCountry "GER"]
[EventRounds "9"]
[EventType "swiss"]
[EventDate "2014.06.07"]

1. e4 e5 2. Nf3 Nc6 3. Bb5 f5 4. d3 fxe4 5. dxe4 Nf6 6. Bg5 d6 7. Nc3 Be7 8.
O-O O-O 9. Nd5 Nxd5 10. Qxd5+ Kh8 11. Bxc6 bxc6 12. Bxe7 Qxe7 13. Qxc6 Rb8 14.
Qc3 Rf4 15. Nd2 Ba6 16. Rfe1 Qf7 17. f3 g5 18. Re3 Rg8 19. Qa5 Bc8 20. Rf1 g4
21. g3 Rf6 22. Rc3 c6 23. Rf2 c5 24. b4 h5 25. bxc5 d5 26. c6 h4 27. Qxd5 Be6
28. Qxe5 Rg7 29. c7 Bc8 30. f4 Rh6 31. Nf1 hxg3 32. Nxg3 Rh3 33. f5 Qxa2 34.
Rd3 Qb1+ 35. Kg2 Kg8 36. Rd8+ Kf7 37. Qe8+ Kf6 38. Rd6+ 1-0

[Event "DEM U18 2014"]
[Site "Magdeburg GER"]
[Date "2014.06.10"]
[Round "4"]
[White "Moritz, Aron"]
[Black "Kramer, Julian"]
[Result "0-1"]
[Termination "normal"]
[Board "8"]
[WhiteElo "2183"]
[BlackElo "2129"]
[WhiteClock "00:00:32"]
[BlackClock "00:05:16"]
[PlyCount "80"]
[WhiteFideId "24672319"]
[BlackFideId "12921742"]
[EventCountry "GER"]
[EventRounds "9"]
[EventType "swiss"]
[EventDate "2014.06.07"]

1. e4 c5 2. Nf3 d6 3. d4 cxd4 4. Nxd4 Nf6 5. Nc3 a6 6. Bg5 e6 7. Qf3 Be7 8.
O-O-O Qa5 9. h4 Nbd7 10. Be2 Nc5 11. Kb1 Bd7 12. Rhe1 O-O 13. Nb3 Nxb3 14. axb3
Bc6 15. Qg3 Kh8 16. f4 Rfe8 17. Bf3 e5 18. Nd5 Bxd5 19. exd5 Nd7 20. Bg4 exf4
21. Bxf4 Nf6 22. Bf3 Qc7 23. Re3 Bf8 24. Rc3 Qd7 25. Qf2 Qf5 26. g3 Rac8 27.
Qb6 Rxc3 28. bxc3 Qd7 29. Kb2 g6 30. Rd4 Rc8 31. Bg5 Bg7 32. Bxf6 Bxf6 33. Bg4
Qc7 34. Qb4 a5 35. Qc4 Qxc4 36. Rxc4 Rxc4 37. bxc4 Be5 38. Bc8 Bxg3 39. Bxb7
Bf2 40. c5 Bxc5 0-1

[Event "DEM U18 2014"]
[Site "Magdeburg GER"]
[Date "2014.06.10"]
[Round "4"]
[White "Zimmermann, Christian"]
[Black "Gibicar, Danijel"]
[Result "0-1"]
[Termination "normal"]
[Board "9"]
[WhiteElo "2068"]
[BlackElo "2181"]
[PlyCount "76"]
[WhiteFideId "24692069"]
[BlackFideId "24660256"]
[EventCountry "GER"]
[EventRounds "9"]
[EventType "swiss"]
[EventDate "2014.06.07"]

1. e4 e6 2. d4 d5 3. Nc3 Bb4 4. e5 c5 5. a3 Bxc3+ 6. bxc3 Ne7 7. Qg4 O-O 8. Bd3
f5 9. exf6 Rxf6 10. Qh5 h6 11. g4 Nbc6 12. g5 g6 13. Qh4 Nf5 14. Bxf5 Rxf5 15.
Qxh6 Ne7 16. Ne2 Rf7 17. Qh3 e5 18. Qg2 Bf5 19. O-O Qd7 20. Qg3 cxd4 21. cxd4
Bh3 22. Re1 Raf8 23. f4 e4 24. Bd2 Rh7 25. Kh1 Nf5 26. Qc3 Nh4 27. Rg1 Nf3 28.
Rg3 Bf1 29. Rxf3 exf3 30. Qxf3 Bxe2 31. Qxe2 Re8 32. Qf2 Qf5 33. Qg2 Rhe7 34.
Bb4 Re2 35. Qf3 R8e3 36. Qf1 Qe4+ 37. Kg1 Rf3 38. Qd1 Rg3+ 0-1

[Event "DEM U18 2014"]
[Site "Magdeburg GER"]
[Date "2014.06.10"]
[Round "4"]
[White "Ruff, Maximilian"]
[Black "Grimm, Julius"]
[Result "1-0"]
[Termination "normal"]
[Board "10"]
[WhiteElo "2166"]
[BlackElo "1959"]
[PlyCount "105"]
[WhiteFideId "1271670"]
[BlackFideId "12916986"]
[EventCountry "GER"]
[EventRounds "9"]
[EventType "swiss"]
[EventDate "2014.06.07"]

1. e4 c6 2. Nc3 d5 3. Nf3 Nf6 4. e5 Ne4 5. Ne2 Qb6 6. d4 e6 7. Ng3 c5 8. c3 Nc6
9. Bd3 Nxg3 10. hxg3 cxd4 11. cxd4 Bd7 12. Be2 Bb4+ 13. Kf1 O-O-O 14. a3 Be7
15. b4 Kb8 16. g4 h6 17. Be3 Bg5 18. Qd2 f6 19. exf6 gxf6 20. g3 Bxe3 21. Qxe3
e5 22. b5 Nxd4 23. Nxd4 exd4 24. Qf4+ Ka8 25. Kg2 Qe6 26. Qd2 f5 27. gxf5 Qe4+
28. Bf3 Qxf5 29. Qxd4 Bxb5 30. Rh5 Qc8 31. Rah1 Qc4 32. Qxc4 Bxc4 33. Rxh6 Rxh6
34. Rxh6 d4 35. Rh7 Ba6 36. g4 Kb8 37. Kg3 d3 38. g5 d2 39. Bd1 Bd3 40. Re7 b5
41. Kf4 a5 42. Ke3 Bc4 43. g6 a4 44. g7 Bb3 45. Ke2 Bc4+ 46. Ke3 Bb3 47. Ke2 b4
48. Bxb3 axb3 49. Rd7 Rxd7 50. g8=Q+ Ka7 51. Kd1 b2 52. Qb3 bxa3 53. Qxa3+ 1-0

[Event "DEM U18 2014"]
[Site "Magdeburg GER"]
[Date "2014.06.10"]
[Round "4"]
[White "Meyers, Mark"]
[Black "Xu, Xianliang"]
[Result "1/2-1/2"]
[Termination "normal"]
[Board "11"]
[WhiteElo "1987"]
[BlackElo "2097"]
[PlyCount "128"]
[WhiteFideId "12927716"]
[BlackFideId "4603230"]
[EventCountry "GER"]
[EventRounds "9"]
[EventType "swiss"]
[EventDate "2014.06.07"]

1. Nf3 Nf6 2. c4 c6 3. g3 d5 4. b3 dxc4 5. bxc4 e5 6. Nc3 Bd6 7. Bg2 h6 8. O-O
O-O 9. d3 Na6 10. Nd2 Nc5 11. Ba3 Ne6 12. Bxd6 Qxd6 13. Rb1 Nc5 14. Nb3 Nfd7
15. Qc2 Rb8 16. Rfd1 Nxb3 17. axb3 Nf6 18. b4 Bd7 19. Qa2 a6 20. c5 Qc7 21. Qa5
Qc8 22. d4 Re8 23. d5 cxd5 24. Nxd5 Nxd5 25. Bxd5 e4 26. Qa2 Be6 27. Rd4 Bxd5
28. Qxd5 Qc6 29. Qxc6 bxc6 30. Ra1 Ra8 31. Kf1 f5 32. Ke1 Kf7 33. Kd2 Re6 34.
Kc3 g5 35. e3 h5 36. Rd7+ Kf6 37. Rb7 Ke5 38. Rh7 h4 39. gxh4 gxh4 40. Rxh4 Re7
41. Rh6 Rd7 42. Ra2 Rd3+ 43. Kc4 f4 44. exf4+ Kxf4 45. Rh4+ Ke5 46. Rh5+ Kf4
47. Re2 Kf3 48. Rxe4 Rd1 49. Re6 Rad8 50. Rd6 Rc1+ 51. Kb3 Rb8 52. Rh4 a5 53.
Rxc6 axb4 54. Rb6 Rc8 55. Rf6+ Ke2 56. Rc4 Rxc5 57. Rxc1 Rxc1 58. h4 Rb1+ 59.
Kc2 Rh1 60. Rf4 Rh3 61. Kb2 Kf1 62. f3 Kf2 63. Ka2 Kg3 64. Rxb4 Rxh4 1/2-1/2

[Event "DEM U18 2014"]
[Site "Magdeburg GER"]
[Date "2014.06.10"]
[Round "4"]
[White "Weber, Daniel"]
[Black "Holle, Cedric"]
[Result "1-0"]
[Termination "normal"]
[Board "12"]
[WhiteElo "2007"]
[BlackElo "1964"]
[PlyCount "41"]
[WhiteFideId "24615498"]
[BlackFideId "24692158"]
[EventCountry "GER"]
[EventRounds "9"]
[EventType "swiss"]
[EventDate "2014.06.07"]

1. e4 e6 2. b3 d5 3. Bb2 dxe4 4. Nc3 Nf6 5. Qe2 Be7 6. Nxe4 Nxe4 7. Qxe4 Bf6 8.
d4 Qd5 9. Bd3 Bd7 10. O-O-O Nc6 11. c4 Qa5 12. Bb1 O-O-O 13. a3 e5 14. b4 Bg5+
15. f4 Bxf4+ 16. Qxf4 exf4 17. bxa5 Nxa5 18. Ba2 Rhe8 19. Nf3 Re2 20. Rd2 Rde8
21. Ne5 1-0

[Event "DEM U18 2014"]
[Site "Magdeburg GER"]
[Date "2014.06.10"]
[Round "4"]
[White "Schreiber, Kevin"]
[Black "Pixa, Richard"]
[Result "1/2-1/2"]
[Termination "normal"]
[Board "13"]
[WhiteElo "1958"]
[BlackElo "1957"]
[PlyCount "67"]
[WhiteFideId "24655830"]
[BlackFideId "4626095"]
[EventCountry "GER"]
[EventRounds "9"]
[EventType "swiss"]
[EventDate "2014.06.07"]

1. d4 d5 2. Nf3 Nf6 3. e3 c5 4. b3 g6 5. Bd3 Bg7 6. O-O O-O 7. Bb2 Nbd7 8. Nbd2
e5 9. Nxe5 Nxe5 10. dxe5 Ng4 11. Nf3 Qe7 12. c4 Rd8 13. cxd5 Rxd5 14. Qc2 Nxe5
15. Be4 Bf5 16. Bxe5 Bxe5 17. Bxf5 Bxa1 18. Be4 Rd6 19. Rxa1 Rad8 20. g3 b5 21.
Kg2 f5 22. Bxf5 gxf5 23. Qxc5 Qe4 24. Qxb5 Rd2 25. Rc1 Rxa2 26. Rc7 Qxe3 27.
Qc4+ Kh8 28. Rxh7+ Kxh7 29. Qf7+ Kh8 30. Qf6+ Kg8 31. Qxd8+ Kg7 32. Qd7+ Kf6
33. Qd6+ Kg7 34. Qd7+ 1/2-1/2

[Event "DEM U18 2014"]
[Site "Magdeburg GER"]
[Date "2014.06.10"]
[Round "5"]
[White "Carow, Johannes"]
[Black "Grötzbach, Julian"]
[Result "1-0"]
[Termination "normal"]
[Board "1"]
[WhiteTitle "FM"]
[WhiteElo "2393"]
[BlackElo "2197"]
[WhiteClock "00:16:19"]
[BlackClock "00:10:42"]
[PlyCount "45"]
[WhiteFideId "24692050"]
[BlackFideId "24600938"]
[EventCountry "GER"]
[EventRounds "9"]
[EventType "swiss"]
[EventDate "2014.06.07"]

1. d4 d5 2. c4 c6 3. Nc3 Nf6 4. e3 e6 5. Nf3 Nbd7 6. Qc2 b6 7. b3 Bb7 8. Bb2
Bd6 9. Bd3 h6 10. O-O O-O 11. Rfd1 Rc8 12. Qe2 Qe7 13. Rac1 c5 14. cxd5 exd5
15. Ba6 Nb8 16. Bxb7 Qxb7 17. dxc5 Bxc5 18. Nh4 Qe7 19. Nf5 Qe6 20. Nxg7 Kxg7
21. Nxd5 Nbd7 22. Nf4 Qf5 23. Rd5 1-0

[Event "DEM U18 2014"]
[Site "Magdeburg GER"]
[Date "2014.06.10"]
[Round "5"]
[White "Lampert, Jonas"]
[Black "Powierski, Emil"]
[Result "0-1"]
[Termination "normal"]
[Board "2"]
[WhiteElo "2397"]
[BlackElo "2286"]
[WhiteClock "00:21:06"]
[BlackClock "00:11:09"]
[PlyCount "100"]
[WhiteFideId "1303759"]
[BlackFideId "4656199"]
[EventCountry "GER"]
[EventRounds "9"]
[EventType "swiss"]
[EventDate "2014.06.07"]

1. e4 c6 2. d4 d5 3. Nc3 dxe4 4. Nxe4 Bf5 5. Ng3 Bg6 6. Nf3 Nd7 7. Bd3 e6 8.
O-O Ngf6 9. Bf4 Be7 10. c4 O-O 11. Re1 Re8 12. Bxg6 hxg6 13. Rb1 Qa5 14. Qc2 b5
15. Nd2 Rac8 16. c5 Qxa2 17. Nb3 Qa6 18. Ra1 Qb7 19. Na5 Qa8 20. Bg5 Bf8 21. h4
Qb8 22. b4 e5 23. Qd2 Nd5 24. dxe5 Rxe5 25. Ne4 Qc7 26. Rad1 Rce8 27. Ng3 N7f6
28. Rxe5 Rxe5 29. Bxf6 gxf6 30. f4 Nxf4 31. Qd7 Re7 32. Qxc7 Rxc7 33. Ne4 Be7
34. Rd6 f5 35. Rxc6 Rd7 36. Nf6+ Bxf6 37. Rxf6 Ne6 38. g4 Kg7 39. g5 Rd4 40.
Nc6 Rxh4 41. Ne5 Re4 42. Nd7 Rxb4 43. c6 Rc4 44. Ne5 Rc1+ 45. Kg2 Nxg5 46. Rd6
Rc5 47. Nd3 Rc2+ 48. Kf1 Ne4 49. Rd7 Rxc6 50. Rxa7 Kf6 0-1

[Event "DEM U18 2014"]
[Site "Magdeburg GER"]
[Date "2014.06.10"]
[Round "5"]
[White "Müller, Nick"]
[Black "Ott, Florian"]
[Result "0-1"]
[Termination "normal"]
[Board "3"]
[WhiteElo "2120"]
[BlackElo "2133"]
[WhiteClock "00:26:01"]
[BlackClock "00:07:36"]
[PlyCount "132"]
[WhiteFideId "24692093"]
[BlackFideId "12900281"]
[EventCountry "GER"]
[EventRounds "9"]
[EventType "swiss"]
[EventDate "2014.06.07"]

1. e4 c5 2. Nf3 d6 3. d4 cxd4 4. Nxd4 Nf6 5. Nc3 a6 6. Be3 e5 7. Nf3 Be7 8. Bc4
O-O 9. O-O Qc7 10. Bb3 Be6 11. Re1 Rc8 12. Nh4 Nbd7 13. Nd5 Bxd5 14. Nf5 Bf8
15. exd5 Nc5 16. c3 Nxb3 17. axb3 Qd7 18. Ng3 Ng4 19. Bb6 f5 20. c4 Be7 21. f3
Nh6 22. Qe2 Bh4 23. Bf2 Re8 24. Qd3 Re7 25. c5 Rae8 26. c6 Qc8 27. Qc4 e4 28.
fxe4 fxe4 29. Nxe4 Bxf2+ 30. Kxf2 Qf5+ 31. Kg1 bxc6 32. dxc6+ d5 33. Qxa6 Rxe4
34. Rf1 Qe5 35. Qb7 Qb8 36. Ra7 Qxb7 37. Rxb7 d4 38. Rd7 R4e7 39. Rxd4 Rc7 40.
Rc4 Re6 41. Rfc1 Nf7 42. Rc5 Ne5 43. Rd5 Rcxc6 44. Rf1 h6 45. b4 Kh7 46. b5 Rb6
47. Rc1 Rbd6 48. Rcd1 Rxd5 49. Rxd5 Ng4 50. g3 Re1+ 51. Kg2 Nf6 52. Rf5 Re2+
53. Rf2 Re5 54. Rc2 Rxb5 55. Kf3 Rb3+ 56. Ke2 Kg6 57. Kd2 Kf5 58. Rc5+ Kg4 59.
Rc4+ Kf3 60. Kc2 Re3 61. b4 Re2+ 62. Kb3 Rxh2 63. b5 Nd5 64. Rd4 Rh5 65. g4 Rg5
66. Kc4 Ne3+ 0-1

[Event "DEM U18 2014"]
[Site "Magdeburg GER"]
[Date "2014.06.10"]
[Round "5"]
[White "Noe, Christopher"]
[Black "Yankelevich, Lev"]
[Result "1/2-1/2"]
[Termination "normal"]
[Board "4"]
[WhiteTitle "FM"]
[WhiteElo "2328"]
[BlackElo "2343"]
[WhiteClock "00:44:21"]
[BlackClock "00:49:51"]
[PlyCount "66"]
[WhiteFideId "24692018"]
[BlackFideId "24684074"]
[EventCountry "GER"]
[EventRounds "9"]
[EventType "swiss"]
[EventDate "2014.06.07"]

1. d4 Nf6 2. c4 g6 3. Nc3 Bg7 4. e4 d6 5. Nf3 O-O 6. Be2 e5 7. O-O Nc6 8. Be3
exd4 9. Nxd4 Re8 10. f3 Nh5 11. Qd2 Nf4 12. Rfd1 Nxd4 13. Bxd4 Bxd4+ 14. Qxd4
Nxe2+ 15. Nxe2 b6 16. Nc3 Bb7 17. Rac1 Qg5 18. Nd5 Bxd5 19. cxd5 Re7 20. Qd2
Qe5 21. Rc4 b5 22. Rc6 f5 23. exf5 Qxf5 24. Rdc1 Qf7 25. Qd3 Rae8 26. Qxb5 Qf4
27. R6c2 Re1+ 28. Rxe1 Rxe1+ 29. Kf2 Qe3+ 30. Kg3 Qg5+ 31. Kf2 Qe3+ 32. Kg3
Qg5+ 33. Kf2 Qe3+ 1/2-1/2